|
|
|
|
| LEADER |
00817cam a2200229 7i4500 |
| 001 |
0000000270 |
| 005 |
20260123090000.0 |
| 020 |
|
|
|a 9789839099348 (pbk.)
|
| 020 |
|
|
|a 9839099345 (pbk.)
|
| 090 |
0 |
0 |
|a CB425
|b .K84 1997
|
| 100 |
1 |
|
|a Kueng, Hans
|
| 245 |
1 |
0 |
|a Towards a common civilization
|c public lectures by Hans Kueng, Mohd Kamal Hassan.
|
| 260 |
|
|
|a Kuala Lumpur:
|b IIUM,
|c 1997.
|
| 300 |
|
|
|a v, 58 p.:
|b col. ill.;
|c 21 cm.
|
| 650 |
0 |
0 |
|a Cultural policy
|
| 650 |
0 |
0 |
|a Civilization, Modern --
|y 20th century
|
| 650 |
0 |
0 |
|a Religious tolerance
|
| 650 |
0 |
0 |
|a Islam --
|z Southeast Asia
|
| 700 |
0 |
|
|a Mohd Kamal Hassan
|
| 997 |
|
|
|a Perpustakaan Peringatan Siddiq Fadzil, Balai Rakyat
|
| 999 |
|
|
|a 0000007757
|b BOK
|c OPEN SHELF
|e 1st Floor, Bestari Jaya
|
| 999 |
|
|
|a 0000063706
|b BOK
|c OPEN SHELF
|e 1st Floor, Bestari Jaya
|